000
00303nam a22001337a 4500
008
190129b xxu||||| |||| 00| 0 eng d
020
_a
9781133309949
041
_a
eng
080
_2
3rd
_a
371
100
_a
46
101
_a
EDU
245
_a
Wadsworth College Reading Series
_c
Uhl,L
942
_2
udc
_c
BK
999
_c
53817
_d
53817